| 000 | 01045cam0a220026500 4500 | ||
|---|---|---|---|
| 001 | lce00326072 | ||
| 005 | 20190830120609.0 | ||
| 008 | 771207s1976 rh f000 0 eng | ||
| 010 | _a 77372677 //r912 | ||
| 035 | _a(Sirsi) r72556 | ||
| 035 | _a(DLC) 77372677 //r912 | ||
| 035 | _a(UPRA)lce00326072 | ||
| 040 |
_aDLC _cDLC _dDLC _dUPRA |
||
| 043 | _af-rh--- | ||
| 050 | 0 | 0 |
_aJQ2921.A2 _bA3 no. 2, 1976 |
| 082 | 0 | 0 |
_a328.689/1/008 s _a344/.6891/041 |
| 110 | 1 |
_bCommission of Inquiry into Termination of Pregnancy. _6A33608.1 |
|
| 245 | 1 | 0 |
_aReport of the Commission of Inquiry into Termination of Pregnancy : _bpresented to the President on the 19th February, 1976. |
| 260 |
_a[Salisbury] : _bThe Commission, _c1976. |
||
| 440 | 0 |
_aCmd. R.R. ; _v1976, 2 _6S2660.1 |
|
| 500 | _aW.A. Pittman, Chairman. | ||
| 650 | 0 |
_aAbortion -- Law and legislation -- Zimbabwe. _xAbortion -- Law and legislation -- Zimbabwe. _zAbortion -- Law and legislation -- Zimbabwe. _6S25439.1 |
|
| 949 |
_aJQ2921.A2 _wlcc _mMAIN _tBOOK _lON-SHELF |
||
| 004 | 72556 | ||
| 999 |
_c196014 _d196014 |
||